000 00769nam a2200217 i 4500
001 147774
003 ES-MaACL
005 20230906202241.0
007 t|
008 071005s1964 ja ||||1| eng d
080 _a301.185.2
100 1 _aUshiomi, Toshitaka.
_9112304
245 1 0 _aForestry and mountain village comunities in Japan
_b: Study of Human Relations /
_cToshitaka Ushiomi.
260 _aTokyo :
_bKokusai Bunka Shinkokai (The Society for International Cultural Relations),
_c1964.
300 _a4 h., 107 p. :
_bil. ;
_c24 cm.
490 1 _aJapanese Life And Culture ;
_v4
651 4 _aJapón-
_xSituación social.
_98888
830 0 _aJapanese Life And Culture ;
_v4
_9187487
852 _aES-MaACL
_jC-26352
_bR.55539
999 _c147774
_d147774